岩手県の戦前市制・町制 - Statistics

General Stats
  • This quiz has been taken 155 times
  • The average score is 30 of 40
Answer Stats
施行日 施行内容 所属郡 回答 % Correct
1889.04.01 市制 (市) 盛岡市
100%
1889.04.01 町制 胆沢郡 水沢町
96%
1889.04.01 町制 気仙郡 高田町
95%
1889.04.01 町制 稗貫郡 花巻町
93%
1889.04.01 町制 西磐井郡 一関町
93%
1889.04.01 町制 南九戸郡 久慈町
91%
1932.04.01 町制 気仙郡 大船渡町
91%
1937.05.05 市制 (市) 釜石市
91%
1941.02.11 市制 (市) 宮古市
90%
1889.04.01 町制 南閉伊郡 釜石町
88%
1889.04.01 町制 東閉伊郡 宮古町
88%
1889.04.01 町制 東閉伊郡 山田町
88%
1889.04.01 町制 二戸郡 一戸町
86%
1889.04.01 町制 西閉伊郡 遠野町
85%
1889.04.01 町制 北岩手郡 沼宮内町
84%
1889.04.01 町制 南閉伊郡 大槌町
83%
1923.08.01 町制 下閉伊郡 岩泉町
80%
1925.01.01 町制 九戸郡 軽米町
79%
1889.04.01 町制 胆沢郡 前沢町
78%
1889.04.01 町制 気仙郡 盛町
78%
1889.04.01 町制 二戸郡 福岡町
78%
1889.04.01 町制 東和賀郡 黒沢尻町
77%
1940.12.23 町制 岩手郡 雫石町
75%
1889.04.01 町制 紫波郡 日詰町
74%
1940.12.25 町制 九戸郡 葛巻町
74%
1944.04.01 町制 下閉伊郡 田老町
74%
1925.09.01 町制 胆沢郡 金ケ崎町
73%
1898.04.01 町制 東磐井郡 千厩町
72%
1889.04.01 町制 江刺郡 岩谷堂町
68%
1940.12.25 町制 二戸郡 浄法寺町
65%
1928.04.01 町制 稗貫郡 石鳥谷町
64%
1889.04.01 町制 稗貫郡 大迫町
62%
1889.04.01 町制 稗貫郡 花巻川口町
60%
1926.06.01 町制 東磐井郡 藤沢町
58%
1926.11.01 町制 気仙郡 気仙町
58%
1940.11.10 町制 東磐井郡 摺沢町
54%
1940.04.29 町制 気仙郡 世田米町
53%
1889.04.01 町制 東閉伊郡 鍬ケ崎町
51%
1903.03.21 町制 東磐井郡 大原町
49%
1940.12.25 町制 和賀郡 土沢町
48%
No matching quizzes found
Score Distribution
Percent of People with Each Score
Percentile by Number Answered
Your Score History
You have not taken this quiz